Juveniles de langosta (Record no. 678890)
[ view plain ]
| 000 -CABECERA | |
|---|---|
| Campo de control de longitud fija | 00590nab a2200181Ia 4500 |
| 003 - IDENTIFICADOR DEL NÚMERO DE CONTROL | |
| Campo de control | ES-SlBCS |
| 005 - FECHA Y HORA DE LA ÚLTIMA TRANSACCIÓN | |
| Campo de control | 20210601142553.0 |
| 008 - CÓDIGOS DE INFORMACIÓN DE LONGITUD FIJA | |
| Campo de control de longitud fija | 140529s2001 xxu||||| |||| 00| 0 spa d |
| 041 ## - CÓDIGO DE LENGUA | |
| Código de lengua del texto/banda sonora o título independiente | spa |
| 100 1# - PUNTO DE ACCESO PRINCIPAL-NOMBRE DE PERSONA | |
| Nombre de persona | Díaz, David |
| 9 (RLIN) | 272950 |
| 245 00 - MENCIÓN DE TÍTULO | |
| Título | Juveniles de langosta |
| Mención de responsabilidad, etc. | David Díaz, Marc Marí, Pere Abelló, Y. Abdelhaye |
| 650 04 - PUNTO DE ACCESO ADICIONAL DE MATERIA-TÉRMINO DE MATERIA | |
| Término de materia o nombre geográfico como elemento inicial | Langosta |
| 9 (RLIN) | 153668 |
| 700 1# - PUNTO DE ACCESO ADICIONAL-NOMBRE DE PERSONA | |
| Nombre de persona | Abdelhaye, Y. |
| 9 (RLIN) | 272951 |
| 700 1# - PUNTO DE ACCESO ADICIONAL-NOMBRE DE PERSONA | |
| Nombre de persona | Abelló, Pere |
| 9 (RLIN) | 272952 |
| 700 1# - PUNTO DE ACCESO ADICIONAL-NOMBRE DE PERSONA | |
| Nombre de persona | Marí, Marc |
| 9 (RLIN) | 272953 |
| 773 0# - ENLACE AL DOCUMENTO FUENTE | |
| Título | Investigacion y Ciencia (Traducción de: Scientific American) |
| Parte(s) relacionada(s) | nº. 295, 2001, págs. 46-47 |
| Número de control del registro relacionado | Rev1650 |
| 942 ## - ENTRADA DE ELEMENTOS AGREGADOS (KOHA) | |
| Koha [por defecto] tipo de item | Artículos de revista |
| Suprimido | Perdido | Estropeado | No para préstamo | Localización permanente | Localización actual | Localización en estantería | Fecha adquisición | Préstamos totales | Fecha última consulta | Fecha del precio de reemplazo | Tipo de item de Koha |
|---|---|---|---|---|---|---|---|---|---|---|---|
| San Esteban | San Esteban | Depósito de revistas | 11/07/2014 | 11/07/2014 | 11/07/2014 | Artículos de revista |
